000
00293nam a22001097a 4500
082
_a
294/CHA
100
_a
Chandra, Lokesh
_9
21769
245
_a
Ramayana in combodia
260
_a
New Delhi
_b
International Academy Of Indian Culture and Aditya Prakashan
_c
2020
650
_a
Religion
942
_c
BK
999
_c
69039
_d
69039